| 000 | 00532nam a2200193Ia 4500 | ||
|---|---|---|---|
| 003 | GCL | ||
| 008 | 140319s9999 xx 000 0 ara d | ||
| 040 |
_aGCL / _cGCL |
||
| 082 | 0 | 4 |
_a634.1 _bج ا |
| 100 | 1 | _aجورج رمزى استينو | |
| 245 | 1 | 0 |
_aانتاج التفاحيات فى المناطق الدافئة / _cجورج رمزى استينو |
| 300 | _a277 ص | ||
| 490 | _a | ||
| 650 | 0 | 4 | _aالزراعة |
| 650 | 0 | 4 | _aالبساتين |
| 650 | 0 | 4 | _aالتفاح |
| 650 | 0 | 4 | _aالفاكهة |
| 942 |
_2ddc _cBK |
||
| 999 |
_c45077 _d45077 |
||